Foundations for microwave engineering / (Record no. 188498)

000 -LEADER
fixed length control field 01004 a2200217 4500
003 - CONTROL NUMBER IDENTIFIER
control field Nust
005 - DATE AND TIME OF LATEST TRANSACTION
control field 20221123144023.0
010 ## - LIBRARY OF CONGRESS CONTROL NUMBER
LC control number 91024595
020 ## - INTERNATIONAL STANDARD BOOK NUMBER
International Standard Book Number 0070118116
040 ## - CATALOGING SOURCE
Transcribing agency Nust
082 00 - DEWEY DECIMAL CLASSIFICATION NUMBER
Classification number 621.3813,COL
100 1# - MAIN ENTRY--PERSONAL NAME
Personal name Collin, Robert E.
9 (RLIN) 616
245 10 - TITLE STATEMENT
Title Foundations for microwave engineering /
Statement of responsibility, etc. Robert E. Collin.
250 ## - EDITION STATEMENT
Edition statement 2nd ed.
260 ## - PUBLICATION, DISTRIBUTION, ETC.
Place of publication, distribution, etc. New York :
Name of publisher, distributor, etc. McGraw-Hill,
Date of publication, distribution, etc. c1992.
300 ## - PHYSICAL DESCRIPTION
Extent xvii, 924 p. :
Other physical details ill. ;
Dimensions 25 cm.
440 #0 - SERIES STATEMENT/ADDED ENTRY--TITLE
Title McGraw-Hill series in electrical engineering.
9 (RLIN) 20188
505 ## - FORMATTED CONTENTS NOTE
Formatted contents note Introduction (Page-1), Electromagnetic Theory (Page-17), Transmission Lines and Waveguides (Page-71), Circuits Theory and Waveguide (Page-220), Impedance Transformation and Matching (Page-303), Passive Microwave Devices (Page-394), Periodic Structures and Filters (Page-550), Microwave Tubes (Page-648), Solid State Amplifiers (Page-713), Parametric Amplifiers (Page-799), Oscillators and Mixes (Page-831).
650 #0 - SUBJECT ADDED ENTRY--TOPICAL TERM
Topical term or geographic name entry element Telecommunication Engineering
942 ## - ADDED ENTRY ELEMENTS (KOHA)
Source of classification or shelving scheme
Koha item type Book
Holdings
Withdrawn status Lost status Source of classification or shelving scheme Damaged status Not for loan Permanent Location Current Location Shelving location Date acquired Full call number Barcode Date last seen Price effective from Koha item type Public note
          Military College of Signals (MCS) Military College of Signals (MCS) General Stacks 12/12/2016 621.3813,COL MCS5667 12/08/2016 12/12/2016 Book Almirah No.32, Shelf No.2
© 2023 Central Library, National University of Sciences and Technology. All Rights Reserved.